Batman - Le Grand Quiz - Statistiques

Statistiques générales
  • Ce quiz a été pris 16 750 fois
    13 706 depuis la dernière actualisation
  • Le résultat moyen est 25 sur 45
Statistiques - réponses
Indice Réponse % Correct
Nom de sa voiture Batmobile
98%
Ville natale Gotham City
94%
Véritable identité de Batman Bruce Wayne
93%
Ce psychopathe est un clown Le Joker
93%
Son bras-droit Robin
90%
Cambrioleuse féline Catwoman
87%
Repaire secret Batcave
84%
Son majordome Alfred Pennyworth
79%
Éditeur de comics qui publie ses aventures DC Comics
77%
Gangster pas vraiment manchot Le Pingouin
76%
Film Justice League
74%
Équipe de super-héros dont il est membre Ligue de Justice d'Amérique
74%
Ex-psychiatre folle amoureuse du précédent Harley Quinn
71%
Moyen lumineux utilisé pour l'appeler Bat-Signal
69%
Ex-procureur à la personnalité multiple Double-face
64%
Asile où sont enfermés certains de ces ennemis Asile d'Arkham
63%
Commissaire de Police complice Commissaire Gordon
63%
Film The Batman
59%
Film Batman
57%
Film Batman
57%
Acteur Christian Bale
53%
Jolie botaniste venimeuse Poison Ivy
53%
Acteur Robert Pattinson
53%
Arme de lancer fétiche Batarang
52%
Film The Dark Knight : Le Chevalier noir
52%
Briseur de dos à la carrure de lutteur Bane
51%
Il vous fera vivre vos pires cauchemars L'Épouvantail
48%
Il aime poser des énigmes L'Homme Mystère / Sphinx
47%
Le genre de type qui jette un froid Mr. Freeze
46%
Acteur Ben Affleck
43%
Film Batman Begins
41%
Film Batman v Superman : L'Aube de la justice
40%
Fille du personnage précédent Barbara / Batgirl / Oracle
39%
Année de première apparition du personnage 1939
38%
Chef de la Ligue des Assassins Ra's al Ghul
38%
Acteur George Clooney
36%
Film The Dark Knight Rises
36%
Acteur Michael Keaton
32%
Monstre au corps couvert d'écailles Killer Croc
28%
Film Batman et Robin
27%
Film Batman : le Défi
25%
Film The Flash
23%
Film Batman Forever
19%
Acteur Val Kilmer
19%
Acteur Adam West
13%
Aucun quiz correspondant
Distribution des résultats
% des personnes avec chaque résultat
Percentile par nombre de réponses
Votre historique - résultats
Vous n’avez pas pris ce quiz depuis la dernière actualisation